Normal view
MARC view
- Ribot, Th.
Entry Nombre Personal
001 - NUMERO DE CONTROL
- campo de control: 51466
003 - IDENTIFICADOR DE NUMERO DE CONTROL
- campo de control: UPN
005 - FECHA Y HORA DE LA ÜLTIMA TRANSACCIÓN
- campo de control: 20240326214331.0
008 - DATOS DE LONGITUD FIJA
- campo de control de longitud fija: 240326|| aca||aabn | aaa d
040 ## - FUENTE DE CATALOGACIÓN
- Agencia original de catalogación: MX-MxUPN
- Lenguaje de catalogación: spa
- Agencia de transcripción: MX-MxUPN
100 1# - ENCABEZAMIENTO - NOMBRE PERSONAL
- Nombre personal: Ribot, Th.
- Fuller form of name: (Théodule),
- Fechas asociadas con el nombre: 1839-1916
400 1# - VEÁSE - NOMBRE DE PERSONA
- Personal name: Ribot, Theodule Armand,
- Dates associated with a name: 1839-1916
670 ## - FUENTE EN LA QUE SE LOCALIZARON DATOS
- Cita de la fuente: LC, 20 marzo 2024:
- Información localizada: (Ribot, Th. (Théodule), 1839-1916)
- Uniform Resource Identifier: https://lccn.loc.gov/n82058767
902 ## - CATALOGADOR
- Catalogador: MaríaRobles/200324
